Puranic Encyclopaedia (Record no. 6769)

MARC details
000 -LEADER
fixed length control field 00280nam a2200121Ia 4500
008 - FIXED-LENGTH DATA ELEMENTS--GENERAL INFORMATION
fixed length control field 211105s9999 xx 000 0 und d
020 ## - INTERNATIONAL STANDARD BOOK NUMBER
International Standard Book Number VYASA10161
100 ## - MAIN ENTRY--PERSONAL NAME
Personal name Mani Vettam
245 #0 - TITLE STATEMENT
Title Puranic Encyclopaedia
250 ## - EDITION STATEMENT
Edition statement \N
260 ## - PUBLICATION, DISTRIBUTION, ETC.
Name of publisher, distributor, etc. Motilal Banarsidass
Date of publication, distribution, etc. \N
300 ## - PHYSICAL DESCRIPTION
Extent 922p.
Holdings
Withdrawn status Lost status Source of classification or shelving scheme Damaged status Not for loan Collection code Home library Current library Shelving location Date acquired Total Checkouts Barcode Date last seen Price effective from Koha item type
    Dewey Decimal Classification     Encyclopedia SVYASA SVYASA REF 13A 04/28/2003   08762 11/09/2021 11/09/2021 Books

Powered by Koha